[Event "Heusenstamm Schloss op"]
[Site "Heusenstamm"]
[Date "2023.11.25"]
[Round "4"]
[White "Boscher, Hans"]
[Black "Wilke, Joerg"]
[Result "0-1"]
[WhiteElo "1625"]
[BlackElo "1853"]
[PlyCount "64"]
[EventDate "2023.11.23"]
[EventType "swiss"]
[EventRounds "7"]
[EventCountry "GER"]
[SourceTitle "CB50_2023"]
[SourceDate "2023.12.13"]
[SourceVersion "1"]
[SourceVersionDate "2023.12.13"]
[SourceQuality "1"]

1. e4 b6 2. d4 Bb7 3. Bd3 g6 4. Be3 Bg7 5. Nc3 e6 6. Qd2 Ne7 7. Nge2 0-0 8. 0-0-0 d5 9. e5 Nd7 10. f4 c5 11. Nb5 c4 12. Nd6 Qc7 13. g4 cxd3 14. Qxd3 f5 15. g5 a5 16. Nxb7 Qxb7 17. h4 Nc6 18. c3 Rfc8 19. Kb1 b5 20. h5 Kf7 21. hxg6+ hxg6 22. Rh2 b4 23. Bd2 a4 24. Rdh1 bxc3 25. Bxc3 Na7 26. a3 Qb5 27. Qd2 Nb6 28. Bb4 Nc4 29. Qe1 Nc6 30. Nc3 Qb7 31. Nxd5 Nxd4 32. Qf2 Qxd5 0-1

[Event "Rhein Main op-B 25th"]
[Site "Bad Homburg"]
[Date "2023.06.10"]
[Round "5"]
[White "Boscher, Hans"]
[Black "Teggers, Niklas"]
[Result "1/2-1/2"]
[WhiteElo "1646"]
[BlackElo "1273"]
[PlyCount "50"]
[EventDate "2023.06.07"]
[EventType "swiss"]
[EventRounds "7"]
[EventCountry "GER"]
[SourceTitle "CBM 215 Extra"]
[Source "ChessBase"]
[SourceDate "2023.09.30"]
[SourceVersion "1"]
[SourceVersionDate "2023.09.30"]
[SourceQuality "1"]

1. e4 c6 2. d4 d5 3. e5 Bf5 4. Nf3 e6 5. Be2 c5 6. Be3 c4 7. 0-0 Ne7 8. Nbd2 Nec6 9. c3 Nd7 10. Bg5 Be7 11. Bxe7 Qxe7 12. Re1 0-0 13. Nf1 h6 14. Ne3 Bh7 15. Nd2 f6 16. f4 fxe5 17. fxe5 b5 18. b3 Nb6 19. bxc4 bxc4 20. a4 Na5 21. Qc1 Rf7 22. Rf1 Raf8 23. Rxf7 Qxf7 24. Qf1 Qd7 25. Qc1 Qf7 1/2-1/2

[Event "Krefeld op"]
[Site "Krefeld"]
[Date "2022.08.07"]
[Round "6"]
[White "Fernschild, Ulrich"]
[Black "Boscher, Hans"]
[Result "1/2-1/2"]
[WhiteElo "1518"]
[BlackElo "1579"]
[PlyCount "63"]
[EventDate "2022.08.04"]
[EventType "swiss"]
[EventRounds "9"]
[EventCountry "GER"]
[SourceTitle "CBM 209 Extra"]
[Source "ChessBase"]
[SourceDate "2022.09.30"]
[SourceVersion "1"]
[SourceVersionDate "2022.09.30"]
[SourceQuality "1"]

1. d4 Nf6 2. Nf3 e6 3. g3 c5 4. e3 Nc6 5. dxc5 Bxc5 6. Nbd2 d5 7. Bg2 0-0 8. 0-0 b5 9. Nb3 Be7 10. Nbd4 Nxd4 11. exd4 Bb7 12. Bg5 h6 13. Bxf6 Bxf6 14. Ne5 Qc7 15. f4 Rac8 16. Rc1 b4 17. c4 Bxe5 18. dxe5 dxc4 19. Qd6 Bxg2 20. Qxc7 Rxc7 21. Kxg2 Rd8 22. Rf2 c3 23. bxc3 bxc3 24. Rcc2 Rd3 25. Kf1 Kf8 26. Ke2 Rd5 27. Rf3 Rdc5 28. Rd3 g5 29. Ke3 Kg7 30. Kd4 Rd5+ 31. Ke4 Rd6 32. exd6 1/2-1/2

[Event "Altenkirchen Seniors op 19th"]
[Site "Altenkirchen"]
[Date "2022.07.20"]
[Round "2"]
[White "Boscher, Hans"]
[Black "Hansult, Manfred"]
[Result "1/2-1/2"]
[WhiteElo "1579"]
[BlackElo "1838"]
[PlyCount "105"]
[EventDate "2022.07.19"]
[EventType "swiss"]
[EventRounds "9"]
[EventCountry "GER"]
[SourceTitle "CBM 209 Extra"]
[Source "ChessBase"]
[SourceDate "2022.09.30"]
[SourceVersion "1"]
[SourceVersionDate "2022.09.30"]
[SourceQuality "1"]

1. e4 c6 2. d4 d5 3. e5 Bf5 4. Nf3 e6 5. Be2 Ne7 6. 0-0 c5 7. Be3 Nec6 8. c3 Nd7 9. Nbd2 Be7 10. Re1 0-0 11. Nf1 cxd4 12. cxd4 Nb6 13. Ng3 Bg6 14. Rc1 Rc8 15. a3 Qd7 16. Qd2 Nb8 17. Bg5 Bxg5 18. Qxg5 Rxc1 19. Rxc1 Rc8 20. Nh4 Rxc1+ 21. Qxc1 Nc6 22. Nf3 h6 23. h4 Ne7 24. h5 Bh7 25. Nf1 Qc6 26. Qc5 Qxc5 27. dxc5 Nd7 28. b4 Nc6 29. N1d2 Ndxe5 30. b5 Nxf3+ 31. Nxf3 Ne7 32. Ne5 f6 33. c6 bxc6 34. Nxc6 Nc8 35. f4 Be4 36. Kf2 Kf7 37. a4 Ke8 38. a5 Kd7 39. a6 Kc7 40. g4 Kd6 41. Nxa7 Nxa7 42. b6 Nc8 43. b7 Kc7 44. bxc8Q+ Kxc8 45. Ke3 Kb8 46. Kd4 Ka7 47. Kc5 Bc2 48. f5 exf5 49. gxf5 Bxf5 50. Kxd5 g6 51. hxg6 Bxg6 52. Ke6 Be8 53. Kxf6 1/2-1/2

[Event "Heusenstamm Sparkassen op-B 7th"]
[Site "Heusenstamm"]
[Date "2021.11.18"]
[Round "1.47"]
[White "Boscher, Hans"]
[Black "Niesel, Markus"]
[Result "1-0"]
[WhiteElo "1578"]
[BlackElo "891"]
[PlyCount "41"]
[EventDate "2021.11.18"]
[EventType "swiss"]
[EventRounds "7"]
[EventCountry "GER"]
[SourceTitle "EXT 2023"]
[Source "ChessBase"]
[SourceDate "2022.10.05"]
[SourceVersion "1"]
[SourceVersionDate "2022.10.05"]
[SourceQuality "1"]

1. e4 Nc6 2. Nf3 e6 3. d4 d6 4. Bb5 Bd7 5. 0-0 Nf6 6. Re1 a6 7. Ba4 b5 8. Bb3 Be7 9. Nbd2 0-0 10. c3 a5 11. Qe2 a4 12. Bc2 Qb8 13. e5 Nd5 14. Qd3 g6 15. Ne4 Na5 16. Bg5 b4 17. Bxe7 Bb5 18. Qd2 Nxe7 19. Nf6+ Kh8 20. Qh6 Ng8 21. Qxh7# 1-0

[Event "Wiesbaden op 31st"]
[Site "Wiesbaden"]
[Date "2019.08.23"]
[Round "3"]
[White "Schmitt, Carsten1111"]
[Black "Boscher, Hans"]
[Result "1/2-1/2"]
[WhiteElo "1926"]
[BlackElo "1492"]
[PlyCount "113"]
[EventDate "2019.08.22"]
[EventType "swiss"]
[EventRounds "7"]
[EventCountry "GER"]
[SourceTitle "EXT 2020"]
[Source "ChessBase"]
[SourceDate "2019.10.17"]
[SourceVersion "1"]
[SourceVersionDate "2019.10.17"]
[SourceQuality "1"]

1. c4 e5 2. g3 Nf6 3. Bg2 d5 4. cxd5 Nxd5 5. Nc3 c6 6. Nf3 Nd7 7. 0-0 Bb4 8. Qb3 Nxc3 9. dxc3 Bd6 10. Rd1 Qc7 11. Ng5 0-0 12. Be3 h6 13. Ne4 Be7 14. c4 Nf6 15. Nxf6+ Bxf6 16. c5 Be6 17. Qc2 Rad8 18. Be4 Rxd1+ 19. Rxd1 Rd8 20. b3 Qa5 21. Rxd8+ Qxd8 22. Qd2 Qxd2 23. Bxd2 Be7 24. Be3 f5 25. Bc2 g5 26. f3 a5 27. a3 Kg7 28. b4 axb4 29. axb4 Kf6 30. Bd2 Bc4 31. Kf2 Ke6 32. Bc3 Bf6 33. g4 fxg4 34. fxg4 Kd7 35. Bf5+ Kc7 36. Ke3 Bd5 37. Bd3 b5 38. Bf5 Kd8 39. Kf2 Kc7 40. Bd2 Kb7 41. h4 Kc7 42. h5 Kb7 43. Ke3 Kc7 44. Be4 Ba2 45. Bc3 Kb7 46. Bb2 Kc7 47. Bc3 Kb7 48. Bg6 Bd5 49. Be8 Kc7 50. Kd3 Kb7 51. Bg6 Kc7 52. Be4 Bg8 53. Ke3 Ba2 54. Bh7 Bd5 55. Be4 Ba2 56. Bh7 Bd5 57. Be4 1/2-1/2